Los temporales /

Bibliographic Details
Main Author: Armada, Alfonso, 1958-
Format: Book
Language:Spanish
Published: Madrid : Bartleby Editores, [2002]
Series:Bartleby poesía.
Subjects:

MARC

Tag First Indicator Second Indicator Subfields
LEADER 00000cam a2200000 a 4500
001 in00002781918
005 20150922103414.0
008 020605s2002 sp 000 0 spa
010 |a  2002433708 
019 |a 49944002 
020 |a 849540818X 
020 |a 9788495408181 
035 |a (OCoLC)ocm50425283 
035 |a (OCoLC)50425283  |z (OCoLC)49944002 
040 |a DLC  |c DLC  |d PL#  |d I5B  |d OCLCG  |d TXA  |d UtOrBLW 
049 |a TXAM 
050 0 0 |a PQ6651.R4593  |b T46 2002 
082 0 0 |a 861/.64  |2 21 
100 1 |a Armada, Alfonso,  |d 1958- 
245 1 4 |a Los temporales /  |c Alfonso Armada. 
264 1 |a Madrid :  |b Bartleby Editores,  |c [2002] 
264 4 |c ©2002 
300 |a 88 pages ;  |c 21 cm. 
336 |a text  |b txt  |2 rdacontent 
337 |a unmediated  |b n  |2 rdamedia 
338 |a volume  |b nc  |2 rdacarrier 
490 1 |a Bartleby poesía 
653 |a Literatura española  |a Siglo XX. 
653 |a Poesía española  |a Siglo XX. 
830 0 |a Bartleby poesía. 
994 |a C0  |b TXA 
948 |a cataloged  |b h  |c 2012/6/29  |d c  |e jlanham  |f 9:23:38 am 
999 |a MARS 
999 f f |s 27c95986-e4d8-38a2-9871-84e162dec308  |i d1764bd4-d91a-3108-be80-df71155f55df  |t 0 
952 f f |p ric  |a Texas A&M University  |b Rellis Campus  |c Joint Library Facility  |d Remote Storage  |t 0  |e PQ6651.R4593 T46 2002  |h Library of Congress classification  |i unmediated -- volume  |m A14841235019 
998 f f |a PQ6651.R4593 T46 2002  |t 0  |l Remote Storage